Johan Cruyff Shield (Supercup) Winnaars - Statistieken

Algemene statistieken
  • Deze quiz is 3 keer genomen
  • De gemiddelde score is 33 van 35
Antwoordstatistieken
jaar Winner % Correct
2019 Ajax
100%
2013 Ajax
100%
2007 Ajax
100%
2006 Ajax
100%
2005 Ajax
100%
2002 Ajax
100%
1995 Ajax
100%
1994 Ajax
100%
1993 Ajax
100%
2009 AZ
100%
2004 FC Utrecht
100%
2024 Feyenoord
100%
2018 Feyenoord
100%
2017 Feyenoord
100%
1999 Feyenoord
100%
1991 Feyenoord
100%
2025 PSV
100%
2023 PSV
100%
2022 PSV
100%
2021 PSV
100%
2016 PSV
100%
2015 PSV
100%
2012 PSV
100%
2008 PSV
100%
2003 PSV
100%
2001 PSV
100%
2000 PSV
100%
1998 PSV
100%
1997 PSV
100%
1996 PSV
100%
1992 PSV
100%
2011 FC Twente
67%
2010 FC Twente
67%
2014 PEC Zwolle
67%
1949 SVV
33%
Geen overeenkomende quizzen gevonden
Scoreverdeling
Procent van Mensen met Elke Score
Percentiel versus Aantal Correcte Antwoorden
Uw Scoregeschiedenis
U heeft deze quiz nog niet genomen